Planeación estratégica para la Empresa Quick Burger
Estudio de planeación estratégica que contempla estrategias y planes de acción para la empresa Quick Burguer. Contiene definición de la situación actual, análisis FODA, análisis estructural del sistema estratégico y planes de acción para las estrategias.
| Main Authors: | , , |
|---|---|
| Other Authors: | |
| Format: | Tesis Section = Libro |
| Language: | Undetermined Spanish |
| Published: |
Managua
UNI
2002
|
| Subjects: |
| LEADER | 01083nam a2200265Ia 4500 | ||
|---|---|---|---|
| 008 | 240830s9999 xx 000 0 und d | ||
| 040 | |a BIBLIOTECA-RUPAP Mon 658.401 A658 | ||
| 041 | |a spa | ||
| 082 | |a Mon 658.401 A658 | ||
| 100 | 1 | |a Aráuz Urbina, Salvador Anastasio | |
| 100 | 1 | |b Orozco Herrera, Mauricio Alcides | |
| 100 | 1 | |c Salmerón Chica, Fernando Javier | |
| 245 | 1 | 0 | |a Planeación estratégica para la Empresa Quick Burger |
| 260 | |a Managua |b UNI |c 2002 | ||
| 300 | |a 92 p. :il. | ||
| 502 | |a Tesis (Ingeniero de Sistemas)- UNI, 2002. | ||
| 520 | 3 | |a Estudio de planeación estratégica que contempla estrategias y planes de acción para la empresa Quick Burguer. Contiene definición de la situación actual, análisis FODA, análisis estructural del sistema estratégico y planes de acción para las estrategias. | |
| 650 | 7 | |a ADMINISTRACIÓN ESTRATÉGICA | |
| 650 | 7 | |b ESTRATEGIAS-POLÍTICAS-PLANES | |
| 650 | 7 | |c COMPETENCIA-EMPRESAS | |
| 650 | 7 | |d MERCADO | |
| 700 | 1 | |a Tutor: |b Reyes Orozco, Nestor | |
| 942 | |c BK |2 ddc | ||
| 991 | |a TESIS | ||
| 999 | |c 17186 | ||